[Event "DEM U14 2022"]
[Site "Willingen GER"]
[Date "2022.06.05"]
[Round "1"]
[White "Kocharin, Timur"]
[Black "Vihan, Shourya"]
[Result "1-0"]
[Termination "normal"]
[Board "14"]
[WhiteElo "1888"]
[BlackElo "1385"]
[WhiteClock "00:43:05"]
[BlackClock "00:22:18"]
[PlyCount "105"]
[WhiteFideId "16240936"]
[BlackFideId "2897119"]
[EventCountry "GER"]
[EventRounds "9"]
[EventType "swiss"]
[EventDate "2022.06.04"]

1. d4 {[%clk 1:30:50]} d5 {[%clk 1:30:56]} 2. c4 {[%clk 1:31:15]} e6 {[%clk
1:31:24]} 3. Nc3 {[%clk 1:31:41]} Nf6 {[%clk 1:31:51]} 4. Bg5 {[%clk 1:32:06]}
Nbd7 {[%clk 1:32:19]} 5. e3 {[%clk 1:32:11]} c6 {[%clk 1:32:40]} 6. cxd5 {[%clk
1:32:35]} exd5 {[%clk 1:33:06]} 7. Bd3 {[%clk 1:32:13]} Be7 {[%clk 1:32:04]} 8.
Nge2 {[%clk 1:28:17]} O-O {[%clk 1:30:47]} 9. Qc2 {[%clk 1:28:23]} h6 {[%clk
1:30:07]} 10. Bh4 {[%clk 1:28:28]} Nb6 {[%clk 1:22:46]} 11. O-O {[%clk
1:24:02]} Be6 {[%clk 1:19:38]} 12. Rae1 {[%clk 1:11:19]} Rc8 {[%clk 1:08:25]}
13. Nc1 {[%clk 1:09:49]} Nc4 {[%clk 0:57:10]} 14. Nb3 {[%clk 0:58:07]} Nd6
{[%clk 0:50:14]} 15. f3 {[%clk 0:56:13]} Nd7 {[%clk 0:44:47]} 16. Bxe7 {[%clk
0:54:06]} Qxe7 {[%clk 0:45:11]} 17. e4 {[%clk 0:50:37]} dxe4 {[%clk 0:42:45]}
18. fxe4 {[%clk 0:50:03]} Bxb3 {[%clk 0:38:08]} 19. Qxb3 {[%clk 0:47:23]} c5
{[%clk 0:32:29]} 20. e5 {[%clk 0:27:20]} c4 {[%clk 0:23:22]} 21. Qb4 {[%clk
0:25:18]} Nf5 {[%clk 0:15:53]} 22. Qxe7 {[%clk 0:20:59]} Nxe7 {[%clk 0:16:21]}
23. Be4 {[%clk 0:20:42]} Rb8 {[%clk 0:14:30]} 24. Nb5 {[%clk 0:19:37]} a6
{[%clk 0:14:22]} 25. Nd6 {[%clk 0:19:35]} b5 {[%clk 0:10:29]} 26. Bb7 {[%clk
0:15:57]} Rxb7 {[%clk 0:09:57]} 27. Nxb7 {[%clk 0:16:20]} Nc6 {[%clk 0:10:10]}
28. Re4 {[%clk 0:16:13]} Nb4 {[%clk 0:09:47]} 29. Nc5 {[%clk 0:15:04]} Nxc5
{[%clk 0:09:29]} 30. dxc5 {[%clk 0:14:57]} Nd3 {[%clk 0:08:53]} 31. e6 {[%clk
0:15:10]} fxe6 {[%clk 0:07:16]} 32. Rxf8+ {[%clk 0:15:23]} Kxf8 {[%clk
0:07:45]} 33. Rxe6 {[%clk 0:15:17]} Nxc5 {[%clk 0:08:10]} 34. Rc6 {[%clk
0:14:46]} Nd3 {[%clk 0:08:04]} 35. b3 {[%clk 0:15:06]} Nb4 {[%clk 0:07:14]} 36.
Rc8+ {[%clk 0:14:54]} Ke7 {[%clk 0:06:47]} 37. bxc4 {[%clk 0:15:20]} Kd7 {[%clk
0:04:48]} 38. Rg8 {[%clk 0:14:32]} bxc4 {[%clk 0:04:24]} 39. Kf2 {[%clk
0:14:33]} Kc6 {[%clk 0:04:14]} 40. a4 {[%clk 0:14:28]} Kc5 {[%clk 0:03:17]} 41.
Ke3 {[%clk 0:14:16]} Nd5+ {[%clk 0:03:17]} 42. Kd2 {[%clk 0:14:40]} Kb4 {[%clk
0:02:15]} 43. Rxg7 {[%clk 0:12:20]} Kxa4 {[%clk 0:00:47]} 44. Rd7 {[%clk
0:12:07]} Nb6 {[%clk 0:30:05]} 45. Rd6 {[%clk 0:42:30]} Kb5 {[%clk 0:30:09]}
46. Rxh6 {[%clk 0:42:55]} a5 {[%clk 0:26:38]} 47. Rxb6+ {[%clk 0:40:49]} Kxb6
{[%clk 0:26:05]} 48. Kc3 {[%clk 0:41:13]} Kc5 {[%clk 0:26:30]} 49. h4 {[%clk
0:41:39]} Kd5 {[%clk 0:25:05]} 50. h5 {[%clk 0:41:57]} Ke5 {[%clk 0:25:01]} 51.
Kxc4 {[%clk 0:42:20]} Kf5 {[%clk 0:24:50]} 52. g4+ {[%clk 0:42:45]} Kg5 {[%clk
0:22:18]} 53. Kb5 {[%clk 0:43:05]} 1-0

[Event "DEM U14 2022"]
[Site "Willingen GER"]
[Date "2022.06.05"]
[Round "1"]
[White "Shapiro, Danil"]
[Black "Krüger, Arthur"]
[Result "0-1"]
[Termination "normal"]
[Board "15"]
[WhiteElo "1468"]
[BlackElo "1988"]
[WhiteClock "00:02:42"]
[BlackClock "00:03:36"]
[PlyCount "74"]
[WhiteFideId "16260015"]
[BlackFideId "16244966"]
[EventCountry "GER"]
[EventRounds "9"]
[EventType "swiss"]
[EventDate "2022.06.04"]

1. e4 {[%clk 1:30:54]} e6 {[%clk 1:30:55]} 2. d3 {[%clk 1:31:21]} d5 {[%clk
1:31:10]} 3. Nd2 {[%clk 1:31:40]} Nc6 {[%clk 1:30:41]} 4. Ngf3 {[%clk 1:31:56]}
Nf6 {[%clk 1:30:45]} 5. g3 {[%clk 1:32:06]} e5 {[%clk 1:29:53]} 6. Bg2 {[%clk
1:30:13]} Bd6 {[%clk 1:27:54]} 7. O-O {[%clk 1:29:21]} O-O {[%clk 1:27:56]} 8.
Re1 {[%clk 1:26:05]} Re8 {[%clk 1:27:11]} 9. a4 {[%clk 1:25:46]} a5 {[%clk
1:23:12]} 10. exd5 {[%clk 1:23:24]} Nxd5 {[%clk 1:23:31]} 11. Nc4 {[%clk
1:23:47]} h6 {[%clk 1:21:10]} 12. c3 {[%clk 1:08:05]} Rb8 {[%clk 1:12:22]} 13.
Nd4 {[%clk 1:03:55]} exd4 {[%clk 1:01:01]} 14. Rxe8+ {[%clk 1:04:18]} Qxe8
{[%clk 1:01:26]} 15. Bxd5 {[%clk 1:04:40]} Be6 {[%clk 0:49:49]} 16. Nxd6 {[%clk
1:03:51]} cxd6 {[%clk 0:49:50]} 17. Bg2 {[%clk 1:03:45]} d5 {[%clk 0:37:25]}
18. Qb3 {[%clk 0:56:13]} dxc3 {[%clk 0:35:28]} 19. bxc3 {[%clk 0:56:21]} d4
{[%clk 0:33:06]} 20. c4 {[%clk 0:56:40]} Qd7 {[%clk 0:31:22]} 21. Rb1 {[%clk
0:52:32]} Bf5 {[%clk 0:21:19]} 22. Bd2 {[%clk 0:47:48]} Re8 {[%clk 0:13:21]}
23. Bf1 {[%clk 0:28:00]} Ne5 {[%clk 0:11:18]} 24. Bg2 {[%clk 0:13:12]} Bxd3
{[%clk 0:10:39]} 25. Rc1 {[%clk 0:12:50]} Be2 {[%clk 0:07:14]} 26. Bd5 {[%clk
0:07:24]} Nd3 {[%clk 0:06:16]} 27. Rc2 {[%clk 0:06:51]} Nc5 {[%clk 0:05:57]}
28. Qb5 {[%clk 0:06:51]} Qxb5 {[%clk 0:05:50]} 29. axb5 {[%clk 0:05:40]} b6
{[%clk 0:05:13]} 30. f3 {[%clk 0:05:50]} Bd3 {[%clk 0:04:52]} 31. Rc1 {[%clk
0:04:23]} Nb3 {[%clk 0:04:53]} 32. Re1 {[%clk 0:03:56]} Rc8 {[%clk 0:04:22]}
33. Bf4 {[%clk 0:03:31]} Bxc4 {[%clk 0:04:17]} 34. Bb7 {[%clk 0:02:58]} Rc5
{[%clk 0:03:02]} 35. Re8+ {[%clk 0:03:09]} Kh7 {[%clk 0:03:25]} 36. Be4+ {[%clk
0:03:34]} f5 {[%clk 0:03:36]} 37. Bc6 {[%clk 0:02:42]} Bxb5 0-1

[Event "DEM U14 2022"]
[Site "Willingen GER"]
[Date "2022.06.05"]
[Round "1"]
[White "Huber, Benedikt"]
[Black "Grundmann, Max"]
[Result "1-0"]
[Termination "normal"]
[Board "22"]
[WhiteElo "1780"]
[BlackElo "1358"]
[WhiteClock "00:48:55"]
[BlackClock "00:29:39"]
[PlyCount "75"]
[WhiteFideId "16281225"]
[BlackFideId "34623744"]
[EventCountry "GER"]
[EventRounds "9"]
[EventType "swiss"]
[EventDate "2022.06.04"]

1. e4 {[%clk 1:30:57]} c5 {[%clk 1:30:54]} 2. Nf3 {[%clk 1:31:22]} Nc6 {[%clk
1:31:16]} 3. d4 {[%clk 1:31:47]} cxd4 {[%clk 1:31:38]} 4. Nxd4 {[%clk 1:32:13]}
Nf6 {[%clk 1:31:59]} 5. Nc3 {[%clk 1:32:27]} d6 {[%clk 1:31:30]} 6. f3 {[%clk
1:29:56]} g6 {[%clk 1:31:24]} 7. Bc4 {[%clk 1:25:27]} Bg7 {[%clk 1:31:33]} 8.
Be3 {[%clk 1:24:58]} O-O {[%clk 1:31:12]} 9. Qd2 {[%clk 1:24:44]} Bd7 {[%clk
1:30:56]} 10. Bb3 {[%clk 1:24:37]} a6 {[%clk 1:28:17]} 11. g4 {[%clk 1:23:01]}
b5 {[%clk 1:24:14]} 12. O-O-O {[%clk 1:22:45]} Na5 {[%clk 1:22:20]} 13. h4
{[%clk 1:20:51]} h5 {[%clk 1:18:33]} 14. gxh5 {[%clk 1:14:28]} Nxh5 {[%clk
1:18:40]} 15. Bh6 {[%clk 1:12:56]} Rc8 {[%clk 1:15:25]} 16. Rdg1 {[%clk
1:04:59]} Qb6 {[%clk 1:13:15]} 17. Bxg7 {[%clk 1:02:40]} Kxg7 {[%clk 1:13:16]}
18. Nf5+ {[%clk 0:56:40]} Bxf5 {[%clk 1:12:46]} 19. exf5 {[%clk 0:56:14]} Nxb3+
{[%clk 1:12:46]} 20. axb3 {[%clk 0:56:38]} b4 {[%clk 0:57:46]} 21. Nd5 {[%clk
0:54:35]} Qa5 {[%clk 0:56:17]} 22. Kb1 {[%clk 0:53:50]} e6 {[%clk 0:45:18]} 23.
Rg5 {[%clk 0:51:02]} Qxd5 {[%clk 0:43:20]} 24. f6+ {[%clk 0:51:25]} Nxf6 {[%clk
0:42:30]} 25. Rxd5 {[%clk 0:51:51]} Nxd5 {[%clk 0:42:43]} 26. h5 {[%clk
0:51:49]} Kf6 {[%clk 0:39:09]} 27. Qd4+ {[%clk 0:50:43]} Ke7 {[%clk 0:35:02]}
28. hxg6 {[%clk 0:49:43]} fxg6 {[%clk 0:34:11]} 29. Qg7+ {[%clk 0:49:56]} Rf7
{[%clk 0:33:56]} 30. Qxg6 {[%clk 0:50:19]} Rcf8 {[%clk 0:32:40]} 31. Re1 {[%clk
0:47:25]} Rf6 {[%clk 0:31:23]} 32. Qd3 {[%clk 0:47:41]} Rxf3 {[%clk 0:31:17]}
33. Qxd5 {[%clk 0:48:01]} R3f6 {[%clk 0:30:21]} 34. Qb7+ {[%clk 0:48:12]} Ke8
{[%clk 0:30:26]} 35. Qxa6 {[%clk 0:48:28]} Kd7 {[%clk 0:29:52]} 36. Qb7+ {[%clk
0:48:12]} Ke8 {[%clk 0:29:57]} 37. Rd1 {[%clk 0:48:36]} R8f7 {[%clk 0:29:39]}
38. Qb8+ {[%clk 0:48:55]} 1-0

[Event "DEM U14 2022"]
[Site "Willingen GER"]
[Date "2022.06.05"]
[Round "2"]
[White "Deuer, Marius"]
[Black "Kocharin, Timur"]
[Result "1-0"]
[Termination "normal"]
[Board "1"]
[WhiteTitle "FM"]
[WhiteElo "2351"]
[BlackElo "1888"]
[WhiteClock "00:19:18"]
[BlackClock "00:16:35"]
[PlyCount "71"]
[WhiteFideId "16236432"]
[BlackFideId "16240936"]
[EventCountry "GER"]
[EventRounds "9"]
[EventType "swiss"]
[EventDate "2022.06.04"]

1. d4 {[%clk 1:30:58]} Nf6 {[%clk 1:30:55]} 2. c4 {[%clk 1:31:25]} e6 {[%clk
1:31:21]} 3. Nc3 {[%clk 1:31:52]} Bb4 {[%clk 1:31:47]} 4. e3 {[%clk 1:32:18]}
O-O {[%clk 1:32:12]} 5. Bd3 {[%clk 1:30:59]} d5 {[%clk 1:31:48]} 6. cxd5 {[%clk
1:31:07]} exd5 {[%clk 1:31:51]} 7. a3 {[%clk 1:31:30]} Be7 {[%clk 1:29:56]} 8.
Qc2 {[%clk 1:27:49]} b6 {[%clk 1:28:30]} 9. Nge2 {[%clk 1:23:22]} Bb7 {[%clk
1:26:31]} 10. b4 {[%clk 1:09:40]} Nbd7 {[%clk 1:21:17]} 11. Rb1 {[%clk
1:09:51]} c6 {[%clk 1:17:59]} 12. O-O {[%clk 1:05:12]} Qc7 {[%clk 1:10:17]} 13.
Bd2 {[%clk 1:01:02]} Bd6 {[%clk 1:04:54]} 14. h3 {[%clk 0:59:03]} a5 {[%clk
0:56:57]} 15. Rfc1 {[%clk 0:54:29]} Qd8 {[%clk 0:50:06]} 16. f3 {[%clk
0:50:06]} Qe7 {[%clk 0:45:19]} 17. e4 {[%clk 0:48:19]} axb4 {[%clk 0:40:51]}
18. axb4 {[%clk 0:47:23]} Bxb4 {[%clk 0:37:17]} 19. e5 {[%clk 0:42:30]} Nxe5
{[%clk 0:35:23]} 20. dxe5 {[%clk 0:38:21]} Bc5+ {[%clk 0:35:48]} 21. Kh1 {[%clk
0:38:38]} Qxe5 {[%clk 0:36:05]} 22. Na4 {[%clk 0:33:51]} Ba3 {[%clk 0:33:17]}
23. Re1 {[%clk 0:31:56]} b5 {[%clk 0:31:25]} 24. Nc5 {[%clk 0:31:06]} Bxc5
{[%clk 0:30:39]} 25. Qxc5 {[%clk 0:31:12]} Nd7 {[%clk 0:29:25]} 26. Qc2 {[%clk
0:31:31]} h6 {[%clk 0:28:53]} 27. Bc3 {[%clk 0:31:22]} Qc7 {[%clk 0:28:13]} 28.
Nd4 {[%clk 0:28:51]} Rfe8 {[%clk 0:25:20]} 29. Nxb5 {[%clk 0:24:37]} Qf4 {[%clk
0:22:26]} 30. Nd4 {[%clk 0:23:53]} Nc5 {[%clk 0:21:40]} 31. Nf5 {[%clk
0:21:07]} Rxe1+ {[%clk 0:18:42]} 32. Rxe1 {[%clk 0:21:29]} Nxd3 {[%clk
0:18:56]} 33. Qxd3 {[%clk 0:21:46]} Ba6 {[%clk 0:18:47]} 34. Qc2 {[%clk
0:20:20]} g6 {[%clk 0:16:14]} 35. Ne7+ {[%clk 0:18:58]} Kh7 {[%clk 0:16:35]}
36. Nxg6 {[%clk 0:19:18]} 1-0

[Event "DEM U14 2022"]
[Site "Willingen GER"]
[Date "2022.06.05"]
[Round "2"]
[White "Krüger, Arthur"]
[Black "Payyappat, Sreyas"]
[Result "0-1"]
[Termination "normal"]
[Board "2"]
[BlackTitle "FM"]
[WhiteElo "1988"]
[BlackElo "2173"]
[WhiteClock "00:00:39"]
[BlackClock "00:16:59"]
[PlyCount "116"]
[WhiteFideId "16244966"]
[BlackFideId "46674969"]
[EventCountry "GER"]
[EventRounds "9"]
[EventType "swiss"]
[EventDate "2022.06.04"]

1. e4 {[%clk 1:30:53]} c6 {[%clk 1:30:45]} 2. d4 {[%clk 1:31:17]} d5 {[%clk
1:31:02]} 3. e5 {[%clk 1:31:42]} Bf5 {[%clk 1:31:27]} 4. Nf3 {[%clk 1:32:09]}
e6 {[%clk 1:31:41]} 5. Be2 {[%clk 1:32:33]} Ne7 {[%clk 1:32:07]} 6. O-O {[%clk
1:32:38]} Ng6 {[%clk 1:32:32]} 7. Nbd2 {[%clk 1:32:07]} Nf4 {[%clk 1:32:46]} 8.
Nb3 {[%clk 1:31:58]} Nxe2+ {[%clk 1:33:01]} 9. Qxe2 {[%clk 1:32:26]} Nd7 {[%clk
1:33:03]} 10. Bd2 {[%clk 1:28:46]} Be7 {[%clk 1:31:47]} 11. a4 {[%clk 1:20:42]}
O-O {[%clk 1:30:28]} 12. Rfc1 {[%clk 1:18:23]} f6 {[%clk 1:17:16]} 13. exf6
{[%clk 1:12:15]} Bxf6 {[%clk 1:13:48]} 14. Bb4 {[%clk 1:09:41]} Be7 {[%clk
1:08:16]} 15. Bxe7 {[%clk 1:09:18]} Qxe7 {[%clk 1:08:38]} 16. Ne5 {[%clk
1:06:21]} Nxe5 {[%clk 1:04:51]} 17. Qxe5 {[%clk 1:06:23]} Rf6 {[%clk 1:03:43]}
18. c3 {[%clk 1:03:33]} Raf8 {[%clk 1:01:06]} 19. f3 {[%clk 0:53:55]} Rg6
{[%clk 0:59:53]} 20. Kh1 {[%clk 0:50:07]} Qh4 {[%clk 0:57:00]} 21. Re1 {[%clk
0:43:13]} Rg5 {[%clk 0:52:20]} 22. Re2 {[%clk 0:31:57]} b6 {[%clk 0:32:01]} 23.
Qd6 {[%clk 0:24:09]} Rg6 {[%clk 0:27:09]} 24. Qe5 {[%clk 0:21:30]} Bd3 {[%clk
0:24:29]} 25. Rd2 {[%clk 0:20:51]} Bc4 {[%clk 0:24:12]} 26. Nc1 {[%clk
0:20:50]} Qh6 {[%clk 0:15:06]} 27. Rf2 {[%clk 0:18:22]} Rg4 {[%clk 0:14:39]}
28. Kg1 {[%clk 0:16:06]} Rg5 {[%clk 0:14:30]} 29. Qd6 {[%clk 0:15:13]} Rg6
{[%clk 0:12:17]} 30. Qe5 {[%clk 0:15:05]} Rg5 {[%clk 0:10:58]} 31. Qd6 {[%clk
0:15:27]} Rgf5 {[%clk 0:11:02]} 32. b3 {[%clk 0:13:57]} Ba6 {[%clk 0:11:23]}
33. Na2 {[%clk 0:10:57]} Qe3 {[%clk 0:11:24]} 34. Qxc6 {[%clk 0:09:04]} g5
{[%clk 0:11:06]} 35. Nb4 {[%clk 0:06:05]} Rc8 {[%clk 0:09:27]} 36. Qd6 {[%clk
0:04:39]} Qxc3 {[%clk 0:09:25]} 37. Qxe6+ {[%clk 0:04:13]} Rf7 {[%clk 0:09:36]}
38. Qe1 {[%clk 0:03:35]} Bb7 {[%clk 0:08:16]} 39. Qxc3 {[%clk 0:02:53]} Rxc3
{[%clk 0:08:39]} 40. Rb1 {[%clk 0:01:47]} Rfc7 {[%clk 0:07:55]} 41. Rbb2 {[%clk
0:00:38]} a5 {[%clk 0:03:36]} 42. Na2 {[%clk 0:29:07]} R3c6 {[%clk 0:33:36]}
43. Rfd2 {[%clk 0:28:24]} Ba6 {[%clk 0:33:02]} 44. Kf2 {[%clk 0:28:01]} Kf7
{[%clk 0:32:27]} 45. Ke3 {[%clk 0:26:15]} Kg6 {[%clk 0:31:30]} 46. Kf2 {[%clk
0:22:02]} h5 {[%clk 0:30:31]} 47. Rd1 {[%clk 0:17:58]} g4 {[%clk 0:29:24]} 48.
Rdd2 {[%clk 0:18:12]} h4 {[%clk 0:28:11]} 49. Ke3 {[%clk 0:17:17]} Kg5 {[%clk
0:27:23]} 50. Kf2 {[%clk 0:13:40]} gxf3 {[%clk 0:23:26]} 51. gxf3 {[%clk
0:12:37]} Kf4 {[%clk 0:23:08]} 52. b4 {[%clk 0:07:54]} Rc4 {[%clk 0:19:28]} 53.
bxa5 {[%clk 0:07:07]} bxa5 {[%clk 0:19:50]} 54. Rb6 {[%clk 0:05:58]} R7c6
{[%clk 0:18:45]} 55. Rb3 {[%clk 0:04:43]} h3 {[%clk 0:17:59]} 56. Ke1 {[%clk
0:03:47]} Rg6 {[%clk 0:16:47]} 57. Rb8 {[%clk 0:01:02]} Rc8 {[%clk 0:16:59]}
58. Rb5 {[%clk 0:00:39]} Ke5 0-1

[Event "DEM U14 2022"]
[Site "Willingen GER"]
[Date "2022.06.05"]
[Round "2"]
[White "Ermitsch, Magnus"]
[Black "Jahnz, Laurin"]
[Result "1-0"]
[Termination "normal"]
[Board "3"]
[WhiteElo "2227"]
[BlackElo "1681"]
[WhiteClock "00:19:11"]
[BlackClock "00:35:07"]
[PlyCount "141"]
[WhiteFideId "16234464"]
[BlackFideId "16261089"]
[EventCountry "GER"]
[EventRounds "9"]
[EventType "swiss"]
[EventDate "2022.06.04"]

1. e4 {[%clk 1:30:57]} c6 {[%clk 1:30:58]} 2. Nf3 {[%clk 1:31:24]} d5 {[%clk
1:31:24]} 3. Nc3 {[%clk 1:31:50]} dxe4 {[%clk 1:31:51]} 4. Nxe4 {[%clk
1:32:16]} Nf6 {[%clk 1:32:14]} 5. Qe2 {[%clk 1:32:42]} Nxe4 {[%clk 1:32:40]} 6.
Qxe4 {[%clk 1:33:08]} Qd5 {[%clk 1:33:06]} 7. Qf4 {[%clk 1:33:10]} Qf5 {[%clk
1:33:32]} 8. Qe3 {[%clk 1:33:32]} Qe6 {[%clk 1:30:56]} 9. b3 {[%clk 1:33:58]}
Qxe3+ {[%clk 1:31:18]} 10. fxe3 {[%clk 1:34:23]} Nd7 {[%clk 1:26:11]} 11. Bb2
{[%clk 1:33:18]} Nf6 {[%clk 1:26:32]} 12. O-O-O {[%clk 1:30:34]} Bf5 {[%clk
1:23:55]} 13. Be2 {[%clk 1:28:48]} e6 {[%clk 1:20:48]} 14. Rhf1 {[%clk
1:27:00]} Be7 {[%clk 1:20:23]} 15. Ne5 {[%clk 1:25:38]} Bd6 {[%clk 1:01:21]}
16. h3 {[%clk 1:18:53]} h5 {[%clk 0:49:12]} 17. Nxf7 {[%clk 1:16:38]} Kxf7
{[%clk 0:49:09]} 18. g4 {[%clk 1:16:59]} hxg4 {[%clk 0:49:35]} 19. hxg4 {[%clk
1:17:15]} Rh2 {[%clk 0:49:50]} 20. Bf3 {[%clk 1:13:04]} Bh7 {[%clk 0:44:49]}
21. g5 {[%clk 1:12:18]} Ne8 {[%clk 0:41:11]} 22. Bxc6+ {[%clk 1:09:31]} Kg8
{[%clk 0:40:52]} 23. Bxb7 {[%clk 1:06:42]} Rb8 {[%clk 0:38:46]} 24. Ba6 {[%clk
1:03:32]} Nc7 {[%clk 0:38:49]} 25. Bc4 {[%clk 1:03:31]} Rf8 {[%clk 0:38:05]}
26. g6 {[%clk 0:53:25]} Bxg6 {[%clk 0:36:33]} 27. Rg1 {[%clk 0:53:34]} Kh7
{[%clk 0:34:12]} 28. Bd3 {[%clk 0:44:42]} Rh6 {[%clk 0:31:38]} 29. Rxg6 {[%clk
0:40:42]} Rxg6 {[%clk 0:32:00]} 30. Rh1+ {[%clk 0:38:43]} Kg8 {[%clk 0:32:27]}
31. Bxg6 {[%clk 0:38:52]} Rf2 {[%clk 0:32:50]} 32. Bd3 {[%clk 0:35:07]} Rg2
{[%clk 0:31:08]} 33. Be4 {[%clk 0:28:10]} Rg4 {[%clk 0:31:11]} 34. Bf3 {[%clk
0:23:00]} Rg3 {[%clk 0:31:10]} 35. Be4 {[%clk 0:20:37]} Rg4 {[%clk 0:31:32]}
36. Bd3 {[%clk 0:20:58]} Rg2 {[%clk 0:31:45]} 37. Kd1 {[%clk 0:20:16]} Bb4
{[%clk 0:30:10]} 38. c3 {[%clk 0:20:11]} Bc5 {[%clk 0:30:33]} 39. Bh7+ {[%clk
0:18:24]} Kf7 {[%clk 0:28:55]} 40. Be4 {[%clk 0:18:03]} Rf2 {[%clk 0:27:40]}
41. Bc1 {[%clk 0:18:12]} Ke7 {[%clk 0:22:19]} 42. Ke1 {[%clk 0:18:01]} Rf8
{[%clk 0:22:27]} 43. Rg1 {[%clk 0:17:09]} Ne8 {[%clk 0:21:33]} 44. d4 {[%clk
0:17:23]} Bd6 {[%clk 0:21:40]} 45. Bc6 {[%clk 0:17:19]} Rg8 {[%clk 0:21:36]}
46. e4 {[%clk 0:17:37]} e5 {[%clk 0:15:01]} 47. d5 {[%clk 0:16:00]} Nf6 {[%clk
0:14:37]} 48. Bg5 {[%clk 0:16:11]} Rh8 {[%clk 0:14:59]} 49. Rg2 {[%clk
0:15:15]} a5 {[%clk 0:13:58]} 50. Kd2 {[%clk 0:12:53]} Rh3 {[%clk 0:12:57]} 51.
Bb5 {[%clk 0:12:51]} Bc5 {[%clk 0:11:51]} 52. Bd3 {[%clk 0:12:33]} Kf7 {[%clk
0:08:52]} 53. Kc2 {[%clk 0:21:38]} Ne8 {[%clk 0:36:48]} 54. Bd2 {[%clk
0:21:36]} Nd6 {[%clk 0:35:30]} 55. b4 {[%clk 0:20:09]} axb4 {[%clk 0:35:31]}
56. cxb4 {[%clk 0:20:00]} Bd4 {[%clk 0:35:44]} 57. a4 {[%clk 0:20:00]} Rh4
{[%clk 0:35:45]} 58. Re2 {[%clk 0:19:31]} Kf6 {[%clk 0:35:10]} 59. a5 {[%clk
0:19:27]} g5 {[%clk 0:35:32]} 60. b5 {[%clk 0:19:23]} g4 {[%clk 0:35:24]} 61.
Rg2 {[%clk 0:19:19]} Kg6 {[%clk 0:34:05]} 62. Bb4 {[%clk 0:18:36]} Nc8 {[%clk
0:34:13]} 63. d6 {[%clk 0:18:49]} Kg5 {[%clk 0:34:02]} 64. d7 {[%clk 0:18:36]}
Rh8 {[%clk 0:34:30]} 65. dxc8=Q {[%clk 0:18:44]} Rxc8+ {[%clk 0:34:53]} 66. Kb3
{[%clk 0:19:06]} Kf4 {[%clk 0:34:53]} 67. Be2 {[%clk 0:18:34]} g3 {[%clk
0:35:17]} 68. Be1 {[%clk 0:18:49]} Kxe4 {[%clk 0:35:18]} 69. Rxg3 {[%clk
0:19:06]} Kd5 {[%clk 0:35:15]} 70. Bc3 {[%clk 0:19:18]} Bf2 {[%clk 0:35:07]}
71. Rg5 {[%clk 0:19:11]} 1-0

[Event "DEM U14 2022"]
[Site "Willingen GER"]
[Date "2022.06.05"]
[Round "2"]
[White "Lübke, Florentin"]
[Black "Hagner, Bennet"]
[Result "1/2-1/2"]
[Termination "normal"]
[Board "4"]
[WhiteElo "1731"]
[BlackElo "2186"]
[WhiteClock "00:21:00"]
[BlackClock "00:13:40"]
[PlyCount "100"]
[WhiteFideId "16281799"]
[BlackFideId "16224477"]
[EventCountry "GER"]
[EventRounds "9"]
[EventType "swiss"]
[EventDate "2022.06.04"]

1. e4 {[%clk 1:30:57]} c6 {[%clk 1:30:56]} 2. d4 {[%clk 1:31:23]} d5 {[%clk
1:31:22]} 3. Nc3 {[%clk 1:31:45]} dxe4 {[%clk 1:31:48]} 4. Nxe4 {[%clk
1:32:06]} Bf5 {[%clk 1:32:05]} 5. Ng3 {[%clk 1:32:27]} Bg6 {[%clk 1:32:29]} 6.
Nh3 {[%clk 1:31:47]} Nf6 {[%clk 1:30:44]} 7. Bc4 {[%clk 1:31:10]} e5 {[%clk
1:26:32]} 8. dxe5 {[%clk 1:28:54]} Qa5+ {[%clk 1:25:59]} 9. c3 {[%clk 1:28:36]}
Qxe5+ {[%clk 1:26:11]} 10. Qe2 {[%clk 1:27:08]} Qxe2+ {[%clk 1:24:00]} 11. Kxe2
{[%clk 1:23:31]} Bc5 {[%clk 1:15:50]} 12. Re1 {[%clk 1:06:00]} O-O {[%clk
1:13:27]} 13. Ng5 {[%clk 0:56:35]} b5 {[%clk 0:48:43]} 14. Bb3 {[%clk 0:50:20]}
Re8+ {[%clk 0:43:43]} 15. Be3 {[%clk 0:50:25]} Ng4 {[%clk 0:43:58]} 16. Nf1
{[%clk 0:37:42]} Na6 {[%clk 0:33:01]} 17. Rac1 {[%clk 0:27:16]} Re7 {[%clk
0:21:21]} 18. h3 {[%clk 0:17:15]} Nxe3 {[%clk 0:21:21]} 19. fxe3 {[%clk
0:17:00]} Rae8 {[%clk 0:20:56]} 20. Kf2 {[%clk 0:17:08]} Bb6 {[%clk 0:15:32]}
21. Bc2 {[%clk 0:14:16]} Bxc2 {[%clk 0:14:33]} 22. Rxc2 {[%clk 0:14:41]} Nc5
{[%clk 0:14:45]} 23. Rd1 {[%clk 0:13:12]} f5 {[%clk 0:13:22]} 24. g3 {[%clk
0:10:21]} g6 {[%clk 0:09:36]} 25. Nf3 {[%clk 0:10:05]} Ne4+ {[%clk 0:09:42]}
26. Kg2 {[%clk 0:10:29]} a6 {[%clk 0:08:35]} 27. c4 {[%clk 0:09:45]} b4 {[%clk
0:06:38]} 28. Re2 {[%clk 0:09:29]} Bc5 {[%clk 0:06:02]} 29. Rd3 {[%clk
0:08:01]} Nd6 {[%clk 0:05:19]} 30. Nd4 {[%clk 0:07:07]} Nxc4 {[%clk 0:04:49]}
31. Nxc6 {[%clk 0:07:29]} Re4 {[%clk 0:04:10]} 32. b3 {[%clk 0:06:41]} Nb6
{[%clk 0:03:12]} 33. Rc2 {[%clk 0:06:13]} Bf8 {[%clk 0:03:12]} 34. Kf2 {[%clk
0:04:24]} Rc8 {[%clk 0:02:37]} 35. Nd2 {[%clk 0:03:58]} Re6 {[%clk 0:02:42]}
36. Nd4 {[%clk 0:04:17]} Rxc2 {[%clk 0:02:21]} 37. Nxc2 {[%clk 0:04:26]} Rc6
{[%clk 0:02:32]} 38. Nd4 {[%clk 0:04:13]} Rc8 {[%clk 0:01:51]} 39. Kf3 {[%clk
0:02:42]} Bh6 {[%clk 0:01:19]} 40. e4 {[%clk 0:00:51]} Bxd2 {[%clk 0:00:41]}
41. Rxd2 {[%clk 0:29:11]} Rc3+ {[%clk 0:31:04]} 42. Kf4 {[%clk 0:27:55]} fxe4
{[%clk 0:31:22]} 43. Nc2 {[%clk 0:26:45]} Rd3 {[%clk 0:29:25]} 44. Re2 {[%clk
0:26:20]} a5 {[%clk 0:27:32]} 45. Ne3 {[%clk 0:26:22]} Nd7 {[%clk 0:23:32]} 46.
Kxe4 {[%clk 0:25:42]} Nc5+ {[%clk 0:23:56]} 47. Kf4 {[%clk 0:25:28]} Kf7 {[%clk
0:19:41]} 48. Rc2 {[%clk 0:21:56]} Ne6+ {[%clk 0:17:58]} 49. Ke4 {[%clk
0:22:09]} Rd8 {[%clk 0:17:10]} 50. h4 {[%clk 0:21:00]} Ke7 {[%clk 0:13:40]}
1/2-1/2